Normal view
MARC view
- Sabah Noor us
Entry Personal Name
001 - CONTROL NUMBER
- control field: 125117
003 - CONTROL NUMBER IDENTIFIER
- control field: NUST
005 - DATE AND TIME OF LATEST TRANSACTION
- control field: 20240813115112.0
008 - FIXED-LENGTH DATA ELEMENTS
- fixed length control field: 240813|| aca||aabn | a|a d
040 ## - CATALOGING SOURCE
- Original cataloging agency: NUST
- Transcribing agency: NUST
100 ## - HEADING--PERSONAL NAME
- Personal name: Sabah Noor us
670 ## - SOURCE DATA FOUND
- Source citation: Work cat.: (NUST): Sabah Noor us , Enhancing Cotton Crop Mapping in Pakistan: Integrating Transfer and Active Learning with Remote Sensing Technologies/
